书目信息 |
| 题名: |
美国概况
|
|
| 作者: | 王岩 著 | |
| 分册: | ||
| 出版信息: | 长春 吉林大学出版社 2008.05 |
|
| 页数: | 405页 | |
| 开本: | 21cm | |
| 丛书名: | ||
| 单 册: | ||
| 中图分类: | H319.4:K | |
| 科图分类: | ||
| 主题词: | 英语--ying yu--阅读教学--高等学校--教材 | |
| 电子资源: | ||
| ISBN: | 978-7-5601-3837-4 | |
| 000 | 00917nam0 2200265 450 | |
| 001 | 012009952711 | |
| 005 | 20090624141238.15 | |
| 010 | @a978-7-5601-3837-4@dCNY35.00 | |
| 100 | @a20090624d2008 em y0chi0120 ea | |
| 101 | 0 | @aeng |
| 102 | @aCN@b220000 | |
| 105 | @ay z 000yy | |
| 106 | @ar | |
| 200 | 1 | @a美国概况@Amei guo gai kuang@d= Survey of the united states of America@f王岩著@Fwang yan zhu@zeng |
| 205 | @a英文版 | |
| 210 | @a长春@c吉林大学出版社@d2008.05 | |
| 215 | @a405页@d21cm | |
| 330 | @a本书共有31个章节,介绍了美国的风土人情、记仪习俗、历史简况和社会现状等。语言地道纯正,文字流畅,难度适中。 | |
| 510 | 1 | @aSurvey of the united states of America@zeng |
| 606 | 0 | @a英语@Aying yu@x阅读教学@x高等学校@j教材 |
| 607 | @a美国@Amei guo@x概况@x高等学校@j教材 | |
| 690 | @aH319.4:K@v4 | |
| 701 | 0 | @a王岩@Awang yan@4著 |
| 801 | 0 | @aCN@bQSSK@c20090624 |
| 905 | @b749235-37@dH319.4:K@eW445@f3 | |
| 美国概况= Survey of the united states of America/王岩著.-英文版.-长春:吉林大学出版社,2008.05 |
| 405页;21cm |
| ISBN 978-7-5601-3837-4:CNY35.00 |
| 本书共有31个章节,介绍了美国的风土人情、记仪习俗、历史简况和社会现状等。语言地道纯正,文字流畅,难度适中。 |
| ● |
| 相关链接 |
|
|
|
正题名:美国概况
索取号:H319.4:K/W445
 
预约/预借
| 序号 | 登录号 | 条形码 | 馆藏地/架位号 | 状态 | 备注 |
| 1 | 749235 | 207492355 | 语言库209/ [索取号:H319.4:K/W445] | 在馆 | |
| 2 | 749236 | 207492364 | 语言库209/209语言库 26排1列2层/ [索取号:H319.4:K/W445] | 在馆 | |
| 3 | 749237 | 207492373 | 语言库209/209语言库 26排1列2层/ [索取号:H319.4:K/W445] | 在馆 |